The muslim heritage of eastern Sri Lanka (Record no. 5864)
[ view plain ]
| 000 -LEADER | |
|---|---|
| fixed length control field | 00254nam a2200097Ia 4500 |
| 008 - FIXED-LENGTH DATA ELEMENTS--GENERAL INFORMATION | |
| fixed length control field | 240331s9999 xx 000 0 und d |
| 082 ## - DDC Classification | |
| Item Number - Author Mark | JAM |
| 100 ## - MAIN ENTRY--PERSONAL NAME | |
| Personal name | Jameel, S.H.M. ed;Hussein, Asiff. ed |
| 245 #4 - TITLE STATEMENT | |
| Title | The muslim heritage of eastern Sri Lanka |
| 942 ## - Koha item type (Biblio) | |
| Koha item type | Books in Stacks (Lending) |
| Lost status | Damaged status | Collection code | Home library | Current library | Shelving location | Date acquired | Full call number | Accession Number | Item type |
|---|---|---|---|---|---|---|---|---|---|
| Lending | WERC Library | WERC Library | Social Science Cupboard | 03/31/2024 | 954.93 JAM | 6856 | Books in Stacks (Lending) |
